Statistics for Asian Countries That Don't Contain A

Click here to take the quiz!

General Stats

  • This quiz has been taken 69 times
  • The average score is 4 of 5

Answer Stats

Answer% Correct
Yemen
95%
Brunei
90%
Philippines
81%
Turkey
79%
Cyprus
78%

Score Distribution

Percentile by Number Answered

Percent of People with Each Score

Your Score History

You have not taken this quiz